Modele Opla - nagła śmierć - Statystyki

Ogólne statystyki
  • Ten quiz został rozwiązany 159 razy
  • Średni wynik to 8 z 13
Answers on the Grid
Answers color-coded by a green-red scale on the quiz's grid according to % correct below.
Corsa
Astra
Vectra
Mokka
Zafira
Vivaro
Movano
Insignia
Frontera
Grandland
Combo
Rocks
Tigra
Touran
Crafter
Galaxy
Yeti
Valkyrie
Tarraco
Panda
Spyder
Mulsanne
Lancer
Prius
Semi
Orlando
Hornet
Bigster
E-tron
Clio
Elantra
Levorg
 
Statystyki odpowiedzi
Odpowiedź % Poprawnych
Astra
94%
Corsa
92%
Insignia
90%
Zafira
89%
Vectra
87%
Mokka
72%
Tigra
69%
Vivaro
55%
Frontera
47%
Grandland
45%
Movano
44%
Combo
39%
Rocks
7%
Nie znaleziono quizów pasujących do podanych kryteriów
Rozkład punktacji
Procent ludzi z każdym wynikiem
Percentyl według liczby udzielonych odpowiedzi
Twoja historia wyników
Nie rozwiązałeś tego quizu